|
|
|
|
| LEADER |
00000nam a2200000 a 4500 |
| 001 |
vtls001224643 |
| 003 |
SK-MaSNL |
| 005 |
20260302065203.0 |
| 008 |
210928s1984 xr a 0 cze |
| 020 |
|
|
|c 15,00
|
| 035 |
|
|
|a SNK000171230
|
| 040 |
|
|
|a SNK
|b slo
|c SNK
|e AACR2
|
| 044 |
|
|
|a CZ
|
| 080 |
|
|
|a 097(437.1)(083.81)
|2 1981
|
| 111 |
1 |
|
|a International Ex Libris Congress
|n (20. :
|d 1984 :
|c Weimar, Nemecko)
|4 aut
|9 92864
|
| 245 |
1 |
|
|a 20. mezinárodní kongres sběratelů exlibris, Výmar 1984
|
| 260 |
|
|
|a [Praha]
|b [Spolek sběratelů a přátel exlibris]
|c 1984
|
| 300 |
|
|
|a [2] s., [8] voľ. listov v prebale
|c 21 cm
|
| 500 |
|
|
|a Čiast. text franc.
|
| 650 |
0 |
7 |
|a exlibris
|z Česko
|x katalógy
|2 SNK
|9 62975
|
| 655 |
|
7 |
|a exlibris
|2 SNK
|9 62968
|
| 958 |
|
|
|a OND
|
| 999 |
|
|
|c 1140845
|d 1142775
|
| 952 |
|
|
|t P60, <04>, [BOOK], {604}
|a SNK
|b SNK
|y VYP
|7 0
|p 17A0021548
|o snkOIC 6443
|i snkK 1522/96
|0 0
|1 0
|4 0
|d 1996-12-03
|l 0
|r 2005-01-01 00:00:00
|w 2026-02-24
|